| 000 | 00698nam a2200229 a 4500 | ||
|---|---|---|---|
| 001 | 16567 | ||
| 003 | BD-RjUL | ||
| 005 | 20211209000027.0 | ||
| 008 | 14 t1964 enkaf 001 0 eng d | ||
| 035 | _a(BD-RjUL)16622 | ||
| 040 |
_aDLC _beng _cDLC _dBD-RjUL |
||
| 041 | _aeng | ||
| 082 | 0 | 4 |
_a759.5 _bLER 1964 |
| 100 | 1 |
_aLevey, Michael. _950495 |
|
| 245 | 1 | 2 |
_aA room-to-room guide to the National Gallery / _cby Michael Levey. |
| 260 |
_aLondon : _bNational Gallery, _c1964. |
||
| 300 |
_a119 p., [16] p. of plates : _bill. ; _c19 cm. |
||
| 504 | _aIncludes index. | ||
| 610 | 2 | 0 |
_aNational Gallery (Great Britain) _951199 |
| 710 | 2 |
_aNational Gallery (Great Britain) _951198 |
|
| 942 |
_2ddc _cBK |
||
| 999 |
_c16567 _d16567 |
||